| 000 | 00352nam a22001457a 4500 | ||
|---|---|---|---|
| 003 | SGT | ||
| 082 |
_a611 _bM19A |
||
| 100 | _aARORA, DIKSHA | ||
| 245 | _aMORPHOMETRY OF DRY HUMAN SCAPULA IN MEDICAL COLLAGE OF GURUGRAM (HARYANA) | ||
| 260 |
_aGURUGRAM _bSGT UNIVERSITY _c2019 |
||
| 300 | _a66 | ||
| 650 | _aANATOMY | ||
| 653 | _aM.Sc | ||
| 942 |
_2ddc _cTH |
||
| 999 |
_c26645 _d26645 |
||